Digital telephony (Record no. 3592)

000 -LEADER
fixed length control field 00571nam a2200217 a 4500
001 - CONTROL NUMBER
control field 3592
003 - CONTROL NUMBER IDENTIFIER
control field BD-DhUET
008 - FIXED-LENGTH DATA ELEMENTS--GENERAL INFORMATION
fixed length control field 900501s1991 nyua b 001 0 eng
020 ## - INTERNATIONAL STANDARD BOOK NUMBER
International Standard Book Number 0471620564
040 ## - CATALOGING SOURCE
Original cataloging agency DLC
Transcribing agency DLC
Modifying agency BD-DhUET
082 ## - DEWEY DECIMAL CLASSIFICATION NUMBER
Classification number 623.85
Item number BEL/1991
100 ## - MAIN ENTRY--PERSONAL NAME
Personal name Bellamy, John
245 10 - TITLE STATEMENT
Title Digital telephony
250 ## - EDITION STATEMENT
Edition statement 2nd ed.
260 ## - PUBLICATION, DISTRIBUTION, ETC. (IMPRINT)
Place of publication, distribution, etc. New York
Name of publisher, distributor, etc. John wiley & sons
Date of publication, distribution, etc. 1991
300 ## - PHYSICAL DESCRIPTION
Extent xix, 572 p.
Other physical details ill.
Dimensions 25 cm.
490 ## - SERIES STATEMENT
Series statement Wiley Series in telecommunications
504 ## - BIBLIOGRAPHY, ETC. NOTE
Bibliography, etc Includes bibliographies
650 #0 - SUBJECT ADDED ENTRY--TOPICAL TERM
Topical term or geographic name as entry element Digital telephony
942 ## - ADDED ENTRY ELEMENTS (KOHA)
Koha item type General Book
Holdings
Lost status Damaged status Source of classification or shelving scheme Withdrawn status Sublocation or collection (holding branch) Koha date last borrowed Shelving location Koha normalized classification for sorting Copy number Date acquired Piece designation (barcode) Koha date last seen Koha item type Price effective from Not for loan Location (home branch) Koha issues (times borrowed) Koha full call number
    Central Library, BUET2015-10-10Circulation section623_000000000000000_85BEL199112014-11-02836182016-02-06General Book2014-11-02 Central Library, BUET2623.85/BEL/1991
    Central Library, BUET Circulation section623_000000000000000_85BEL199122014-11-02836202017-08-26General Book2014-11-02 Central Library, BUET 623.85/BEL/1991
    Central Library, BUET Circulation section623_000000000000000_85BEL199132014-11-02836232017-08-16General Book2014-11-02 Central Library, BUET 623.85/BEL/1991
    Central Library, BUET2023-03-07Circulation section623_850000000000000_BEL_199142014-11-02863392024-02-20General Book2014-11-02 Central Library, BUET2623.85/BEL/1991
    Central Library, BUET Reading section623_850000000000000_BEL_199152015-07-01875942015-07-01Reading Item2015-07-01 Central Library, BUET 623.85/BEL/1991
    Central Library, BUET Rental section623_850000000000000_BEL_1991ক-১1992-06-06835632024-12-09Rental Item2024-12-09 Central Library, BUET 623.85 BEL/1991
    Central Library, BUET Rental section623_850000000000000_BEL_1991ক-২1992-06-06835642024-12-09Rental Item2024-12-09 Central Library, BUET 623.85 BEL/1991
    Central Library, BUET Rental section623_850000000000000_BEL_1991ক-৩1992-06-06835652024-12-09Rental Item2024-12-09 Central Library, BUET 623.85 BEL/1991
    Central Library, BUET Rental section623_850000000000000_BEL_1991ক-৪1992-06-06835662024-12-09Rental Item2024-12-09 Central Library, BUET 623.85 BEL/1991
    Central Library, BUET Rental section623_850000000000000_BEL_1991ক-৫1992-06-06835672024-12-09Rental Item2024-12-09 Central Library, BUET 623.85 BEL/1991
    Central Library, BUET Rental section623_850000000000000_BEL_1991ক-৬1992-06-06835682024-12-09Rental Item2024-12-09 Central Library, BUET 623.85 BEL/1991
    Central Library, BUET Rental section623_850000000000000_BEL_1991ক-৭1992-06-06835692024-12-09Rental Item2024-12-09 Central Library, BUET 623.85 BEL/1991
    Central Library, BUET Rental section623_850000000000000_BEL_1991ক-৮1992-06-06835702024-12-09Rental Item2024-12-09 Central Library, BUET 623.85 BEL/1991
    Central Library, BUET Rental section623_850000000000000_BEL_1991ক-৯1992-06-06835712024-12-09Rental Item2024-12-09 Central Library, BUET 623.85 BEL/1991
    Central Library, BUET Rental section623_850000000000000_BEL_1991ক-১০1992-06-06835722024-12-09Rental Item2024-12-09 Central Library, BUET 623.85 BEL/1991
    Central Library, BUET Rental section623_850000000000000_BEL_1991ক-১১1992-06-06835732024-12-09Rental Item2024-12-09 Central Library, BUET 623.85 BEL/1991
    Central Library, BUET Rental section623_850000000000000_BEL_1991ক-১২1992-06-06835742024-12-09Rental Item2024-12-09 Central Library, BUET 623.85 BEL/1991
    Central Library, BUET Rental section623_850000000000000_BEL_1991ক-১৩1992-06-06835752024-12-09Rental Item2024-12-09 Central Library, BUET 623.85 BEL/1991
    Central Library, BUET Rental section623_850000000000000_BEL_1991ক-১৪1992-06-06835762024-12-09Rental Item2024-12-09 Central Library, BUET 623.85 BEL/1991
    Central Library, BUET Rental section623_850000000000000_BEL_1991ক-১৫1992-06-06835772024-12-09Rental Item2024-12-09 Central Library, BUET 623.85 BEL/1991